Super Bowl Matchup's - Statistics

General Stats
  • This quiz has been taken 1,164 times
    1,139 since last reset
  • The average score is 51 of 102
Answer Stats
Answer % Correct
Green Bay Packers
96%
Green Bay Packers
87%
Kansas City Chiefs
84%
New York Jets
77%
Kansas City Chiefs
66%
Baltimore Colts
64%
New England Patriots
64%
Denver Broncos
62%
Atlanta Falcons
61%
Carolina Panthers
59%
New England Patriots
59%
Seattle Seahawks
58%
Dallas Cowboys
57%
Dallas Cowboys
57%
New England Patriots
57%
Oakland Raiders
57%
Seattle Seahawks
57%
Buffalo Bills
56%
Buffalo Bills
56%
Buffalo Bills
56%
Denver Broncos
56%
Green Bay Packers
56%
Minnesota Vikings
56%
New England Patriots
56%
New England Patriots
56%
New England Patriots
56%
New York Giants
56%
New York Giants
56%
Baltimore Ravens
55%
Buffalo Bills
55%
New England Patriots
55%
Pittsburgh Steelers
55%
Baltimore Colts
54%
Indianapolis Colts
54%
New Orleans Saints
54%
Arizona Cardinals
53%
Baltimore Ravens
53%
Pittsburgh Steelers
53%
Pittsburgh Steelers
53%
San Francisco 49ers
53%
St. Louis Rams
53%
Dallas Cowboys
52%
Denver Broncos
52%
Green Bay Packers
52%
New York Giants
52%
Pittsburgh Steelers
52%
Washington Redskins
52%
Dallas Cowboys
51%
Denver Broncos
51%
Indianapolis Colts
51%
Miami Dolphins
51%
Pittsburgh Steelers
51%
St. Louis Rams
51%
Tampa Bay Buccaneers
51%
Chicago Bears
50%
Miami Dolphins
50%
Philadelphia Eagles
50%
Tennessee Titans
50%
Carolina Panthers
49%
San Francisco 49ers
49%
Oakland Raiders
47%
San Francisco 49ers
47%
San Francisco 49ers
47%
Chicago Bears
46%
Green Bay Packers
46%
New England Patriots
46%
Oakland Raiders
46%
Pittsburgh Steelers
46%
Dallas Cowboys
45%
New York Giants
45%
Pittsburgh Steelers
45%
Seattle Seahawks
45%
San Francisco 49ers
44%
San Francisco 49ers
44%
Minnesota Vikings
43%
Minnesota Vikings
43%
Dallas Cowboys
42%
New England Patriots
42%
New York Giants
42%
Washington Redskins
42%
Oakland Raiders
41%
Atlanta Falcons
40%
Dallas Cowboys
40%
San Diego Chargers
40%
Miami Dolphins
39%
Pittsburgh Steelers
39%
Washington Redskins
39%
Cincinnati Bengals
38%
Los Angeles Raiders
38%
Minnesota Vikings
38%
Cincinnati Bengals
37%
Dallas Cowboys
36%
Denver Broncos
36%
Denver Broncos
35%
Denver Broncos
35%
Washington Redskins
35%
Miami Dolphins
31%
Philadelphia Eagles
29%
Denver Broncos
28%
Washington Redskins
28%
Los Angeles Rams
27%
Miami Dolphins
27%
No matching quizzes found
Score Distribution
Percent of People with Each Score
Percentile by Number Answered
Your Score History
You have not taken this quiz since the last reset